ბათუმის შოთა რუსთაველის სახელმწიფო უნივერსიტეტის ბიბლიოთეკა

საწარმოს ეკონომიკა : ტესტებითა და ამოცანა-სავარჯიშოებით / (ბიბ.ჩანაწერი № 36842)

000 -ლიდერი
ფიქსირებული სიგრძის საკონტროლო ველი 00901nam a2200217Ia 4500
001 - საკონტროლო ნომერი
საკონტროლო ველი 2789
003 - საკონტროლო ნომრის იდენტიფიკატორი
საკონტროლო ველი GE_BSU
005 - ბოლო ოპერაციის თარიღი და დრო
საკონტროლო ველი 20190507161014.0
008 - ფიქსირებული სიგრძის მონაცემთა ელემენტები - ზოგადი ინფორმაცია
ფიქსირებული სიგრძის საკონტროლო ველი 181216s2002||||ge |||||||||||||| ||geo||
020 ## - წიგნის საერთაშორისო სტანდარტული ნომერი
International Standard Book Number 9992886904
040 ## - კატალოგიზაციის წყარო
Transcribing agency GE_BSU
041 ## - ენის კოდი
Language code of text/sound track or separate title geo
080 ## - უნივერსალური ათობითი კლასიფიკაციის ინდექსი
Universal Decimal Classification number 658(07) გ–65
100 ## - მთავარი ჩანაწერი - პიროვნების სახელი
Personal name გოლეთიანი,თენგიზ
9 (RLIN) 901
245 ## - ცნობა სათაურის შესახებ
Title საწარმოს ეკონომიკა : ტესტებითა და ამოცანა-სავარჯიშოებით /
Statement of responsibility, etc თენგიზ გოლეთიანი; რედ : ზ. ლიპარტია.
264 ## - წარმოების, გამოცემის, დისტრიბუციის და სხვა ცნობები
გამოცემის, წარმოების, დისტრიბუციის... ადგილი თბილისი .:
გამოცემის, წარმოების, დისტრიბუციის... სახელწოდება ინტელექტი,
გამოცემის, წარმოების, დისტრიბუციის... თარიღი 2002.
300 ## - ფიზიკური აღწერა
Extent 184 გვ .;
Dimensions 20სმ.
653 ## - INDEX TERM--UNCONTROLLED
Uncontrolled term საწარმოს ეკონომიკა.
700 ## - ADDED ENTRY--PERSONAL NAME
Personal name ლიპარტია, ზ
Relator term რედაქტორი
9 (RLIN) 902
942 ## - ADDED ENTRY ELEMENTS (KOHA)
Koha item type წიგნი
Source of classification or shelving scheme
ეგზემპლარები
ჩამოწერის სტატუსი დაკარგული ეგზემპლარის სტატუსი კლასიფიკაციის წყარო ან თაროზე გაწყობის სქემა დაზიანების სტატუსი არ გაიცემა მუდმივი მდებარეობა (დაცვის ადგილი) ამჟამინდელი ადგილსამყოფელი თაროზე განთავსების ადგილი შეძენის თარიღი ღირებულება, შესყიდვის ნორმალური ფასი სრული შენახვის შიფრი შტრიხკოდი ბოლო ოპერაციის თარიღი ეგზემპლარის მიმდევრობითი ნომერი (კეტერი?) ფასის ძალაში შესვლის თარიღი ეგზემპლარის სახეობა საჯარო შენიშვნა
          ტექნოლოგიური ფაკულტეტის ბიბლიოთეკა ტექნოლოგიური ფაკულტეტის ბიბლიოთეკა წიგნსაცავი 2018-12-17 7.00 658(07) გ–65 8293 2018-12-17 8293 2018-12-17 წიგნი 7 ლ.80 თ.